000 00574nam a2200205 i 4500
001 13423
003 ES-MaACL
005 20230906150555.0
007 t|
008 980309s1990 sp |||| | spa d
020 _a84-404-7195-5
080 _a930.23(460.235 B.)
080 _a946.0235 B.(059.3)
100 1 _aRos Torner, Antonio.
_999596
245 1 0 _aEfemérides de Barcelona /
_cAntonio Ros Torner.
260 _aBarcelona :
_bCEGE,
_cD.L. 1990.
300 _a79 p. ;
_c21 cm.
651 4 _aBarcelona-
_xHistoria-
_vCronologĂ­a.
_97866
852 _aES-MaACL
_jL-20766
999 _c13423
_d13423